000 00558nam a2200205 a 4500
001 17647
003 CO-ViMGA
008 141112s2004 ck r 000 u spa d
020 _a9688561371
040 _aCO-ViMGA
_bspa
_cCO-ViMGA
082 0 4 _a780.15 B735c
100 1 _aBrennan, Juan Arturo
_925035
245 1 0 _aCómo acercarse a la Música
260 _aMexico,
_cPlaza y Janes,
_c1998
300 _a170.p.
590 _aForma de adquisición : Premio - Mincultura
650 1 4 _aESTética MUSICAL
_925036
650 1 4 _aMUSICA
_949440
942 _2ddc
_cBK
999 _c27137
_d27137